Normal view
MARC view
- Mudasar Bacha
Entry Personal Name
001 - CONTROL NUMBER
- control field: 98972
003 - CONTROL NUMBER IDENTIFIER
- control field: NUST
005 - DATE AND TIME OF LATEST TRANSACTION
- control field: 20220921150840.0
008 - FIXED-LENGTH DATA ELEMENTS
- fixed length control field: 220921|| aca||aabn | a|a d
040 ## - CATALOGING SOURCE
- Original cataloging agency: NUST
- Transcribing agency: NUST
100 ## - HEADING--PERSONAL NAME
- Personal name: Mudasar Bacha
670 ## - SOURCE DATA FOUND
- Source citation: Work cat.: (NUST)12257: Mudasar Bacha, Analysis of linear cooperative multi-hop networks subject to correlated shadowing and composite shadowing-fading, 2013
